00655nam a2200193Ia 4500008004100000020001800041082002000059100002400079245005400103250000700157260005700164300002500221500001900246600002000265650002000285942000700305952013200312999001700444240925s9999 xx 000 0 und d a9788180140849 a338.4791068 HAR aHarrington, Denis. 0aManaging Quality in Tourism: theory and practice. aNA aNew Delhi:bStandard Publishers Distributorsc,2007. a138p.bN.AfOriginal aIncludes Index aSocial Sciences aSocial Sciences cBK 001040708SSaUITUbUITUd2021-03-26eParamount Book Pvt Ltdl0o338.4791068 HARpQ15206r2024-09-25 07:17:37w2024-09-25yBK c17705d17705